| Tag |
First Indicator |
Second Indicator |
Subfields |
| LEADER |
00000cam a2200000 i 4500 |
| 001 |
in00000018379 |
| 005 |
20151007053227.0 |
| 008 |
751020s1940 enkaf 00010 eng d |
| 035 |
|
|
|a (OCoLC)01719569
|
| 035 |
|
|
|9 AAB0869AM
|
| 040 |
|
|
|a GUA
|c GUA
|d TXA
|d UtOrBLW
|
| 041 |
1 |
|
|a eng
|h ita
|
| 049 |
|
|
|a TXAM
|c [A12610305]
|
| 050 |
|
4 |
|a PQ4847.A75
|b P73 1940
|
| 100 |
1 |
|
|a Varè, Daniele,
|d 1880-1956.
|
| 245 |
1 |
0 |
|a Princess in Tartary :
|b a play for marionettes in two acts and an epilogue /
|c by Daniele Vare ; with illustrations by A. Jacovleff.
|
| 250 |
|
|
|a 1st ed.
|
| 264 |
|
1 |
|a London :
|b J. Murray,
|c 1940.
|
| 300 |
|
|
|a 60 pages, 4 leaves of plates :
|b illustrations ;
|c 23 cm.
|
| 336 |
|
|
|a text
|b txt
|2 rdacontent
|
| 337 |
|
|
|a unmediated
|b n
|2 rdamedia
|
| 338 |
|
|
|a volume
|b nc
|2 rdacarrier
|
| 500 |
|
|
|a Translation of Principessa in Tartaria.
|
| 999 |
|
|
|a MARS
|
| 999 |
f |
f |
|s ee493bd1-2597-39a2-83f4-ba5fa03c092b
|i 95a2718f-407d-3268-b1f8-2139d6d56117
|t 0
|
| 952 |
f |
f |
|p ric
|a Texas A&M University
|b Rellis Campus
|c Joint Library Facility
|d Remote Storage
|t 0
|e PQ4847.A75 P73 1940
|h Library of Congress classification
|i unmediated -- volume
|m A14812610305
|
| 998 |
f |
f |
|a PQ4847.A75 P73 1940
|t 0
|l Remote Storage
|